Prístup k vytváraniu systému distribuovaného spracovania dát v rámci ASR š.p. Chemlon

Bibliographic Details
Main Author: Jenčík, Ján (Author)
Format: Article
Language:Slovak
PhysicalDescription:Obr. 1.
Subjects:

MARC

LEADER 00000nab a2200000 a 4500
001 vtls000413005
003 SK-MaSNL
005 20260304181612.0
008 120925c1989 xo 0 slo
015 |a SNBRA19rr/mm-uuuuu 
035 |a CL0413130 
040 |a SNKBUCL  |b slo  |c SNKBUCL  |e AACR2 
041 0 |a slo 
044 |a xo  |c SK 
080 |a 681.3.02:519.224  |2 1981 
080 |a 519.224  |2 1981 
100 1 |a Jenčík, Ján  |4 aut  |9 382498 
245 1 0 |a Prístup k vytváraniu systému distribuovaného spracovania dát v rámci ASR š.p. Chemlon  |c Ján Jenčík 
300 |b Obr. 1. 
650 0 7 |a dáta  |2 snkbucl  |9 4215 
650 0 7 |a spracovanie dát distribuované  |2 snkbucl  |9 969345 
650 0 7 |a automatizované systémy riadenia  |2 snkbucl  |9 28612 
650 0 7 |a IBM (počítač)  |2 snkbucl  |9 1135796 
651 7 |a 5402  |2 snkbucl  |9 366935 
655 7 |a články zo zborníkov  |2 snkbucl  |9 166140 
773 0 |t Distribuované spracovanie údajov  |d Bratislava : Dom techniky ČSVTS, 1989  |g S. 12-14 
850 |a Slovenská národná knižnica v Martine  |a MTA001 
852 |a SNK  |b KIS3GCP 
958 |a RK 
992 |a RZB 
999 |c 3024879  |d 3026809